| 000 | 00493nam a2200181 a 4500 | ||
|---|---|---|---|
| 005 | 20210223124817.0 | ||
| 008 | 030120s1994 mx r 000 0 spa d | ||
| 020 | _a9681326474 | ||
| 035 | _aUPN01000121462 | ||
| 049 | _aI | ||
| 050 | 4 |
_aQC994 _bG3.3 |
|
| 100 | 1 |
_aGaneri, Anita, _d1961- _933204 |
|
| 245 | 1 | 0 |
_aAtlas visual de los océanos / _cilus. Luciano Carbella. |
| 260 |
_aMéxico : _bDiana, _cc1994. |
||
| 300 |
_a63 p. : _bil. |
||
| 650 | 4 |
_aOCEANO - _vATLAS _923124 |
|
| 905 | _aInfantil | ||
| 999 |
_c93710 _d93710 |
||